000 00405nam a22001697a 4500
003 SEACOMMC
005 20231109053717.0
008 231109b |||||||| |||| 00| 0 eng d
020 _cRs. 199.00
040 _aSEACOMMC
082 _a531
_bSHA
100 1 _aSharma, D.P.
245 1 _aMechanics
_bproblems and solutions
_cD.P. Sharma
260 _aDelhi
_bPearson
_c2005
650 _aPhysics
942 _cBOOK
999 _c297
_d297